El Método de crédito: los árboles valen: fomento a la capitalización de parceleros de reforma agraria /
محفوظ في:
| المؤلف الرئيسي: | |
|---|---|
| التنسيق: | نص |
| الموضوعات: | |
| الوسوم: |
إضافة وسم
لا توجد وسوم, كن أول من يضع وسما على هذه التسجيلة!
|
MARC
| LEADER | 00000 a a2200000 04500 | ||
|---|---|---|---|
| 001 | 4375 | ||
| 003 | |||
| 040 | |||
| 100 | |a Exelle, Ben D. | ||
| 245 | |a El Método de crédito: los árboles valen: |b fomento a la capitalización de parceleros de reforma agraria / |c Ben D. Exelle | ||
| 650 | |a PROYECTOS AGRICOLAS | ||
| 650 | |a CREDITO | ||
| 650 | |a BANCOS AGRICOLAS | ||
| 650 | |a EVALUACION DE PROYECTOS | ||
| 650 | |a REFORMA AGRARIA | ||
| 650 | |a MARCO INSTITUCIONAL | ||
| 773 | |g número 8; páginas 53-98 | ||
| 999 | |c 29131 |d 29131 | ||
